<?xml version="1.0" encoding="UTF-8"?>
<record
    xmlns:xsi="http://www.w3.org/2001/XMLSchema-instance"
    xsi:schemaLocation="http://www.loc.gov/MARC21/slim http://www.loc.gov/standards/marcxml/schema/MARC21slim.xsd"
    xmlns="http://www.loc.gov/MARC21/slim">

  <leader>01102nam a22002775a 4500</leader>
  <controlfield tag="005">20160310092923.0</controlfield>
  <controlfield tag="008">160309t2015    enka   frb    000 0 eng d</controlfield>
  <datafield tag="020" ind1=" " ind2=" ">
    <subfield code="a">9781850972815</subfield>
  </datafield>
  <datafield tag="040" ind1=" " ind2=" ">
    <subfield code="a">EG-ScBUE</subfield>
    <subfield code="b">eng</subfield>
    <subfield code="c">EG-ScBUE</subfield>
  </datafield>
  <datafield tag="041" ind1="1" ind2=" ">
    <subfield code="a">eng</subfield>
    <subfield code="h">pol</subfield>
  </datafield>
  <datafield tag="082" ind1="0" ind2="4">
    <subfield code="a">617.693</subfield>
    <subfield code="b">SLI</subfield>
    <subfield code="2">22</subfield>
  </datafield>
  <datafield tag="100" ind1="1" ind2=" ">
    <subfield code="a">Sliwowski, Christoph T.</subfield>
    <subfield code="9">39517</subfield>
  </datafield>
  <datafield tag="240" ind1="1" ind2=" ">
    <subfield code="a">Implanty krok po kroku.</subfield>
    <subfield code="l">English</subfield>
  </datafield>
  <datafield tag="245" ind1="1" ind2="0">
    <subfield code="a">Implantology step by step /</subfield>
    <subfield code="c">Christoph T. Sliwowski ; [translated by Rosana Jelaska]</subfield>
  </datafield>
  <datafield tag="250" ind1=" " ind2=" ">
    <subfield code="a">2nd ed., Fully revised and extended.</subfield>
  </datafield>
  <datafield tag="260" ind1=" " ind2=" ">
    <subfield code="a">Surrey :</subfield>
    <subfield code="b">Quintessence Publishing,</subfield>
    <subfield code="c">c.2015.</subfield>
  </datafield>
  <datafield tag="300" ind1=" " ind2=" ">
    <subfield code="a">xiv, 578 p. :</subfield>
    <subfield code="b">ill. (col.) ;</subfield>
    <subfield code="c">28 cm.</subfield>
  </datafield>
  <datafield tag="504" ind1=" " ind2=" ">
    <subfield code="a">Includes bibliographical references.</subfield>
  </datafield>
  <datafield tag="520" ind1=" " ind2=" ">
    <subfield code="a">Implantology Step-by-Step, a consistently practice-oriented, instruction- based and illustrated technical textbook, has provided guidance and help to a whole generation of dentists venturing.</subfield>
  </datafield>
  <datafield tag="650" ind1=" " ind2="7">
    <subfield code="a">Dental implants.</subfield>
    <subfield code="2">BUEsh</subfield>
    <subfield code="9">35980</subfield>
  </datafield>
  <datafield tag="650" ind1=" " ind2="0">
    <subfield code="a">Dental Implantation.</subfield>
    <subfield code="2">BUEsh</subfield>
  </datafield>
  <datafield tag="651" ind1=" " ind2=" ">
    <subfield code="2">BUEsh</subfield>
  </datafield>
  <datafield tag="653" ind1=" " ind2=" ">
    <subfield code="b">DDent</subfield>
    <subfield code="c">March2016</subfield>
  </datafield>
  <datafield tag="700" ind1="1" ind2=" ">
    <subfield code="a">Jelaska, Rosana, </subfield>
    <subfield code="e">translator.</subfield>
  </datafield>
  <datafield tag="942" ind1=" " ind2=" ">
    <subfield code="2">ddc</subfield>
  </datafield>
  <datafield tag="999" ind1=" " ind2=" ">
    <subfield code="c">21363</subfield>
    <subfield code="d">21335</subfield>
  </datafield>
  <datafield tag="952" ind1=" " ind2=" ">
    <subfield code="0">0</subfield>
    <subfield code="1">0</subfield>
    <subfield code="2">ddc</subfield>
    <subfield code="4">0</subfield>
    <subfield code="7">0</subfield>
    <subfield code="8">Al-Dar AlA</subfield>
    <subfield code="a">MAIN</subfield>
    <subfield code="b">MAIN</subfield>
    <subfield code="c">1ST</subfield>
    <subfield code="d">2016-03-09</subfield>
    <subfield code="e">Purchase</subfield>
    <subfield code="g">2130.00</subfield>
    <subfield code="h">583</subfield>
    <subfield code="l">5</subfield>
    <subfield code="m">16</subfield>
    <subfield code="o">617.693 SLI</subfield>
    <subfield code="p">000031946</subfield>
    <subfield code="q">2023-06-14</subfield>
    <subfield code="r">2019-12-22 00:00:00</subfield>
    <subfield code="s">2019-12-22</subfield>
    <subfield code="v">2663.00</subfield>
    <subfield code="y">BB</subfield>
  </datafield>
</record>
